Cikánské děti v náhradní rodinné péči

Bibliographic Details
Main Author: Svobodová, Marie (Author)
Format: Article
Language:Czech
PhysicalDescription:Obr. 2.
Subjects:

MARC

LEADER 00000nab a2200000 a 4500
001 vtls000092684
003 SK-MaSNL
005 20260304175028.0
008 160202c1981 xo 0 cze
015 |a SNBRB19rr/mm-uuuuu 
035 |a CL0102787 
040 |a SNKBUCL  |b slo  |c SNKBUCL  |e AACR2 
041 0 |a cze 
044 |a xo  |c SK 
080 |a 362.7/.8  |2 1981 
100 1 |a Svobodová, Marie  |4 aut  |9 284925 
245 1 0 |a Cikánské děti v náhradní rodinné péči  |c Marie Svobodová 
300 |b Obr. 2. 
650 0 7 |a sociálna starostlivosť  |2 snkbucl  |9 3737 
650 0 7 |a deti rómske  |2 snkbucl  |9 881146 
655 7 |a články z novín a časopisov  |2 snkbucl  |9 267496 
773 0 |t Sociálna politika  |g Roč. 7, č. 4 (1981), s. 78-80 
850 |a Slovenská národná knižnica v Martine  |a MTA001 
852 |a SNK  |b KIS3GCP 
958 |a RK 
958 |a CZ 
992 |a RBX 
999 |c 3011713  |d 3013643